<?xml version="1.0" encoding="UTF-8"?>
<record
    xmlns:xsi="http://www.w3.org/2001/XMLSchema-instance"
    xsi:schemaLocation="http://www.loc.gov/MARC21/slim http://www.loc.gov/standards/marcxml/schema/MARC21slim.xsd"
    xmlns="http://www.loc.gov/MARC21/slim">

  <leader>00718nam a2200253 a 4500</leader>
  <datafield tag="999" ind1=" " ind2=" ">
    <subfield code="c">6089</subfield>
    <subfield code="d">6089</subfield>
  </datafield>
  <controlfield tag="003">PK-NaQUE</controlfield>
  <controlfield tag="005">20250922153513.0</controlfield>
  <controlfield tag="008">250922b           ||||| |||| 00| 0 eng d</controlfield>
  <datafield tag="020" ind1=" " ind2=" ">
    <subfield code="a">019515598X</subfield>
  </datafield>
  <datafield tag="020" ind1=" " ind2=" ">
    <subfield code="a">9780195155983</subfield>
  </datafield>
  <datafield tag="040" ind1=" " ind2=" ">
    <subfield code="c">QUEST</subfield>
  </datafield>
  <datafield tag="100" ind1="1" ind2=" ">
    <subfield code="a">Uicker, John Joseph</subfield>
  </datafield>
  <datafield tag="245" ind1="1" ind2="0">
    <subfield code="a">Theory of Machines and Mechanisms </subfield>
  </datafield>
  <datafield tag="250" ind1=" " ind2=" ">
    <subfield code="a">2nd edition </subfield>
  </datafield>
  <datafield tag="260" ind1=" " ind2=" ">
    <subfield code="a">[S.l.] :</subfield>
    <subfield code="b">MCGRAW HILL INTERNATIONAL ED,</subfield>
    <subfield code="c">1995.</subfield>
  </datafield>
  <datafield tag="300" ind1=" " ind2=" ">
    <subfield code="a">1 v. (unpaged)</subfield>
  </datafield>
  <datafield tag="650" ind1=" " ind2=" ">
    <subfield code="a">Mechanical engineering	</subfield>
  </datafield>
  <datafield tag="650" ind1=" " ind2=" ">
    <subfield code="a">Machinery	</subfield>
  </datafield>
  <datafield tag="650" ind1=" " ind2=" ">
    <subfield code="a">Mechanical movements	</subfield>
  </datafield>
  <datafield tag="700" ind1=" " ind2=" ">
    <subfield code="a">Shigley, Joseph Edward</subfield>
  </datafield>
  <datafield tag="700" ind1=" " ind2=" ">
    <subfield code="a">Pennock, G. R</subfield>
  </datafield>
  <datafield tag="856" ind1="4" ind2="0">
    <subfield code="u">http://10.10.170.122:8080/browse/book/1913</subfield>
    <subfield code="y">Download eBook</subfield>
  </datafield>
  <datafield tag="942" ind1=" " ind2=" ">
    <subfield code="c">BK</subfield>
    <subfield code="2">ddc</subfield>
  </datafield>
  <datafield tag="952" ind1=" " ind2=" ">
    <subfield code="0">0</subfield>
    <subfield code="1">0</subfield>
    <subfield code="4">0</subfield>
    <subfield code="7">0</subfield>
    <subfield code="a">QUESTCL</subfield>
    <subfield code="b">QUESTCL</subfield>
    <subfield code="d">2014-06-11</subfield>
    <subfield code="o">621.81SHI</subfield>
    <subfield code="p">26532</subfield>
    <subfield code="r">2014-06-11</subfield>
    <subfield code="w">2014-06-11</subfield>
    <subfield code="y">BK</subfield>
  </datafield>
  <datafield tag="952" ind1=" " ind2=" ">
    <subfield code="0">0</subfield>
    <subfield code="1">0</subfield>
    <subfield code="4">0</subfield>
    <subfield code="7">0</subfield>
    <subfield code="a">QUESTCL</subfield>
    <subfield code="b">ST</subfield>
    <subfield code="d">2014-06-11</subfield>
    <subfield code="l">2</subfield>
    <subfield code="o">621.81SHI</subfield>
    <subfield code="p">26533</subfield>
    <subfield code="r">2017-09-28</subfield>
    <subfield code="s">2017-09-05</subfield>
    <subfield code="y">BK</subfield>
  </datafield>
  <datafield tag="952" ind1=" " ind2=" ">
    <subfield code="0">0</subfield>
    <subfield code="1">0</subfield>
    <subfield code="4">0</subfield>
    <subfield code="7">0</subfield>
    <subfield code="a">QUESTCL</subfield>
    <subfield code="b">QUESTCL</subfield>
    <subfield code="d">2014-06-11</subfield>
    <subfield code="o">621.81SHI</subfield>
    <subfield code="p">26534</subfield>
    <subfield code="r">2014-06-11</subfield>
    <subfield code="w">2014-06-11</subfield>
    <subfield code="y">BK</subfield>
  </datafield>
  <datafield tag="952" ind1=" " ind2=" ">
    <subfield code="0">0</subfield>
    <subfield code="1">0</subfield>
    <subfield code="4">0</subfield>
    <subfield code="7">0</subfield>
    <subfield code="a">QUESTCL</subfield>
    <subfield code="b">QUESTCL</subfield>
    <subfield code="d">2014-07-21</subfield>
    <subfield code="o">621.81SHI</subfield>
    <subfield code="p">23904</subfield>
    <subfield code="r">2014-07-21</subfield>
    <subfield code="w">2014-07-21</subfield>
    <subfield code="y">BK</subfield>
  </datafield>
  <datafield tag="952" ind1=" " ind2=" ">
    <subfield code="0">0</subfield>
    <subfield code="1">0</subfield>
    <subfield code="4">0</subfield>
    <subfield code="7">0</subfield>
    <subfield code="a">QUESTCL</subfield>
    <subfield code="b">QUESTCL</subfield>
    <subfield code="d">2014-07-21</subfield>
    <subfield code="o">621.81SHI</subfield>
    <subfield code="p">23905</subfield>
    <subfield code="r">2014-07-21</subfield>
    <subfield code="w">2014-07-21</subfield>
    <subfield code="y">BK</subfield>
  </datafield>
  <datafield tag="952" ind1=" " ind2=" ">
    <subfield code="0">0</subfield>
    <subfield code="1">0</subfield>
    <subfield code="4">0</subfield>
    <subfield code="7">0</subfield>
    <subfield code="a">SLME</subfield>
    <subfield code="b">SLME</subfield>
    <subfield code="d">2014-07-21</subfield>
    <subfield code="o">621.81SHI</subfield>
    <subfield code="p">23906</subfield>
    <subfield code="r">2014-07-21</subfield>
    <subfield code="y">BK</subfield>
  </datafield>
  <datafield tag="952" ind1=" " ind2=" ">
    <subfield code="0">0</subfield>
    <subfield code="1">0</subfield>
    <subfield code="4">0</subfield>
    <subfield code="7">0</subfield>
    <subfield code="a">SLME</subfield>
    <subfield code="b">SLME</subfield>
    <subfield code="d">2014-08-06</subfield>
    <subfield code="o">621.81SHI</subfield>
    <subfield code="p">21736</subfield>
    <subfield code="r">2014-08-06</subfield>
    <subfield code="y">BK</subfield>
  </datafield>
  <datafield tag="952" ind1=" " ind2=" ">
    <subfield code="0">0</subfield>
    <subfield code="1">0</subfield>
    <subfield code="4">0</subfield>
    <subfield code="7">0</subfield>
    <subfield code="a">QUESTCL</subfield>
    <subfield code="b">ST</subfield>
    <subfield code="d">2014-08-06</subfield>
    <subfield code="o">621.81SHI</subfield>
    <subfield code="p">21737</subfield>
    <subfield code="r">2014-08-06</subfield>
    <subfield code="y">BK</subfield>
  </datafield>
</record>
